Online
Catalog
Normal view MARC view

Entry Nombre corporativo

Number of records used in: 25

001 - NÚMERO DE CONTROL

  • campo de control: 85400

003 - IDENTIFICADOR DEL NÚMERO DE CONTROL

  • campo de control: DO-SdBNP

005 - FECHA Y HORA DE LA ÚLTIMA TRANSACCIÓN

  • campo de control: 20241129161526.0

008 - DATOS DE LONGITUD FIJA

  • campo de control de longitud fija: 240507|| aca||aabn | a|a d

040 ## - FUENTE DE LA CATALOGACIÓN

  • Centro catalogador/agencia de origen: DO-SdBNP
  • Centro/agencia transcriptor: DO-SdBNP

110 2# - ENCABEZAMIENTO-NOMBRE DE ENTIDAD CORPORATIVA

  • Nombre de entidad corporativa o nombre de jurisdicción como elemento de entrada: Archivo General de la Nación (República Dominicana)

368 ## - OTROS ATRIBUTOS DE PERSONA O ENTIDAD CORPORATIVA

  • Tipo de entidad corporativa: Archivos
  • Tipo de entidad corporativa: República Dominicana - Recursos de archivos

370 ## - LUGAR ASOCIADO

  • Lugar de nacimiento: Santo Domingo (República Dominicana)

377 ## - LENGUA/LENGUAJE ASOCIADO

  • Código del idioma: spa

410 1# - TRAZADO DE VÉASE--NOMBRE DE ENTIDAD CORPORATIVA

  • Nombre de entidad corporativa o nombre de jurisdicción como elemento de entrada: República Dominicana
  • Unidad subordinada: Archivo General de la Nación

410 2# - TRAZADO DE VÉASE--NOMBRE DE ENTIDAD CORPORATIVA

  • Nombre de entidad corporativa o nombre de jurisdicción como elemento de entrada: AGN

670 ## - FUENTE DE DATOS ENCONTRADOS

  • Cita de la fuente: Work cat.: (DO-SdBNP)45460: Legislación archivística dominicana 1847-2012., 2013.

670 ## - FUENTE DE DATOS ENCONTRADOS

  • Cita de la fuente: Boletín del Archivo General de la Nación (República Dominicana) Boletín del Archivo General de la Nación, marzo 1938.

Powered by Koha